Click Among Four - Statistics

General Stats
  • This quiz has been taken 42 times
  • The average score is 16 of 20
Answer Stats
Hint Answer % Correct
Smallest 1
100%
Letter count = 4 4
97%
Contains "n" 1
92%
Starts with a vowel 1
92%
Contains "h" 3
92%
Contains "u" 4
92%
Largest 4
92%
Ends with a consonant 4
92%
Contains "w" 2
89%
Has double letters 3
89%
Not a factor of 4 3
84%
Contains one vowel 2
79%
Comes last alphabetically 2
79%
Contains one consonant 1
76%
# of feet in a yard 3
71%
Atomic # of helium 2
63%
Comes first alphabetically 4
63%
Has the most letters 3
58%
# of moons of Mars 2
50%
Not a Fibonacci number 4
45%
No matching quizzes found
Score Distribution
Percent of People with Each Score
Percentile by Number Answered
Your Score History
You have not taken this quiz